[Event "LTU-chT 2019"]
[Site "Lithuania"]
[Date "2019.03.31"]
[Round "5.16"]
[White "Butvilas, Aistis"]
[Black "Zukauskas, Arnas Povilas"]
[Result "1/2-1/2"]
[WhiteElo "1983"]
[BlackElo "2108"]
[Annotator "NA"]
[PlyCount "105"]
[EventDate "2019.01.26"]
[EventType "team-tourn"]
[EventCountry "LTU"]
[SourceTitle "playchess.com"]
[Source "ChessBase"]
[SourceQuality "1"]
[TimeControl "40/5400+30:1800+30"]

1. d4 {[%emt 0:00:00]} Nf6 {[%emt 0:00:00]} 2. c4 {[%emt 0:00:00]} d6 {[%emt 0:00:00]} 3. Nf3 {[%emt 0:01:27]} g6 {[%emt 0:00:14]} 4. g3 {[%emt 0:00:07]} Bg7 {[%emt 0:00:06]} 5. Bg2 {[%emt 0:00:13]} O-O {[%emt 0:00:04]} 6. Nc3 {[%emt 0:00:16]} Nc6 {[%emt 0:00:31]} 7. O-O {[%emt 0:00:12] LiveBook: 9504 Games} e5 {[%emt 0:00:15]} 8. d5 {[%emt 0:01:05]} Ne7 {[%emt 0:00:05]} 9. e4 {[%emt 0:00:44]} Ne8 {[%emt 0:00:06]} 10. Ne1 {[%emt 0:02:39]} f5 {[%emt 0:00:06]} 11. Nd3 {[%emt 0:00:24]} Nf6 {[%emt 0:02:58]} 12. Re1 {[%emt 0:07:46] E62: King's Indian: Fianchetto: 6...c6 and Panno Variation (6...Nc6) without ...a6} h6 $146 {[%emt 0:02:30]} ({Predecessor:} 12... c6 13. dxc6 Nxc6 14. b3 Be6 15. Bd2 Qd7 16. Rc1 fxe4 17. Nxe4 Nxe4 18. Bxe4 Nd4 19. f3 Bf5 {1-0 (69) Ljubojevic,L (2550)-Stellwagen,D (2631) Amsterdam 2007}) 13. Rb1 {[%emt 0:16:26]} g5 {[%emt 0:01:28]} 14. exf5 {[%emt 0:00:15]} Bxf5 {[%emt 0:00:36]} 15. Ne4 {[%emt 0:01:05]} Nxe4 {[%emt 0:10:13]} 16. Bxe4 {[%emt 0:00:24]} Bxe4 {[%emt 0:00:04]} 17. Rxe4 {[%emt 0:00:07]} Nf5 {[%emt 0:00:03]} 18. Be3 {[%emt 0:03:30]} Qf6 $15 {[%emt 0:00:32]} 19. Qh5 {[%emt 0:12:31]} Rf7 {[%emt 0:04:30]} 20. Re1 {[%emt 0:03:31]} Bf8 {[%emt 0:08:11]} 21. Kh1 {[%emt 0:20:52]} Ng7 {[%emt 0:01:31]} 22. Qg4 {[%emt 0:00:57]} h5 {[%emt 0:00:56]} 23. Qe2 {[%emt 0:01:30]} g4 {[%emt 0:02:08]} 24. Bd2 {[%emt 0:06:40]} Qg6 {[%emt 0:02:33]} 25. h3 {[%emt 0:05:07]} Ne8 {[%emt 0:06:16]} 26. hxg4 {[%emt 0:02:23]} Nf6 {[%emt 0:00:01]} 27. gxh5 {[%emt 0:00:02]} Qxe4+ {[%emt 0:00:07]} 28. Qxe4 {[%emt 0:00:03]} Nxe4 {[%emt 0:00:07]} 29. Rxe4 {[%emt 0:00:02]} Rf3 {[%emt 0:00:30]} 30. Be3 {[%emt 0:00:40]} Be7 {[%emt 0:01:19]} 31. Kg2 {[%emt 0:00:57]} Raf8 {[%emt 0:01:12]} 32. Ne1 {[%emt 0:01:57]} R3f7 {[%emt 0:01:00]} 33. Kh3 {[%emt 0:04:45]} Kh7 {[%emt 0:00:57]} 34. g4 {[%emt 0:00:49]} a6 {[%emt 0:01:34]} 35. Kg3 {[%emt 0:00:51]} c6 {[%emt 0:00:44]} 36. dxc6 {[%emt 0:01:26]} bxc6 {[%emt 0:00:04]} 37. c5 {[%emt 0:00:10]} dxc5 {[%emt 0:00:47]} 38. g5 {[%emt 0:02:28]} Bxg5 {[%emt 0:01:16]} 39. Bxg5 {[%emt 0:00:13]} Rxf2 {[%emt 0:01:08]} 40. Rxe5 {[%emt 0:00:41]} R2f5 {[%emt 0:01:42]} 41. Rxf5 {[%emt 0:30:52]} Rxf5 {[%emt 0:30:01]} 42. Kg4 {[%emt 0:00:19]} Rf2 {[%emt 0:00:58]} 43. Nd3 {[%emt 0:00:01]} Rg2+ {[%emt 0:00:07]} 44. Kf5 {[%emt 0:01:11]} c4 {[%emt 0:00:04]} 45. Ne5 {[%emt 0:00:23]} Rxb2 {[%emt 0:00:11]} 46. Nxc4 {[%emt 0:00:31]} Rxa2 {[%emt 0:00:34]} 47. Ne5 {[%emt 0:00:52]} a5 {[%emt 0:05:19]} 48. Ng4 a4 49. Nf6+ Kg7 50. h6+ Kf7 51. Bf4 Ra1 52. h7 Rh1 53. Ke4 1/2-1/2

[Event "LTU-chT 2019"]
[Site "Lithuania"]
[Date "2019.03.31"]
[Round "5.17"]
[White "Dambrauskas, Virginijus"]
[Black "Lazaravicius, Aras Jonas"]
[Result "1/2-1/2"]
[WhiteElo "2277"]
[BlackElo "1874"]
[Annotator "NA"]
[PlyCount "107"]
[EventDate "2019.01.26"]
[EventType "team-tourn"]
[EventCountry "LTU"]
[SourceTitle "playchess.com"]
[Source "ChessBase"]
[SourceQuality "1"]
[TimeControl "40/5400+30:1800+30"]

1. d4 d5 2. c4 {[%emt 0:00:26]} c6 {[%emt 0:00:07]} 3. Nf3 {[%emt 0:00:59]} Nf6 {[%emt 0:00:17]} 4. e3 {[%emt 0:01:14]} Bf5 {[%emt 0:00:56] LiveBook: 6827 Games} 5. Nc3 {[%emt 0:01:14]} e6 {[%emt 0:00:44]} 6. Nh4 {[%emt 0:02:07]} Bg6 {[%emt 0:01:34]} 7. Be2 {[%emt 0:12:05] D12: Slav Defence: 3 Nf3 Nf6 4 e3 Bf5} (7. Nxg6 hxg6 8. Rb1 c5 9. cxd5 exd5 10. g3 Nc6 11. Bg2 Qd7 12. O-O Rd8 13. dxc5 Bxc5 14. b3 Qf5 15. Bb2 O-O {½-½ (65) Lenderman,A (2626)-Robson,R (2682) Saint Louis 2018}) 7... Be7 {[%emt 0:06:45]} 8. O-O {[%emt 0:01:05]} O-O {[%emt 0:04:08]} 9. Nxg6 {[%emt 0:00:14]} hxg6 {[%emt 0:00:10]} 10. Qc2 {[%emt 0:00:27]} Nbd7 {[%emt 0:02:21]} 11. Rd1 {[%emt 0:05:25]} Rc8 {[%emt 0:03:46]} 12. e4 {[%emt 0:05:09]} dxe4 {[%emt 0:09:43]} 13. Nxe4 {[%emt 0:00:31]} Nxe4 {[%emt 0:00:45]} 14. Qxe4 {[%emt 0:00:07]} Nf6 {[%emt 0:02:31]} 15. Qf3 $146 {[%emt 0:02:30]} ({Predecessor:} 15. Qc2 Qc7 {1-0 (41) Alachihin,V (2261)-Golubchikov,A (1828) Uljanovsk 2015}) 15... Qc7 {[%emt 0:10:30]} 16. Be3 {[%emt 0:06:09]} Rfd8 {[%emt 0:03:19]} 17. a3 {[%emt 0:15:17]} a5 {[%emt 0:08:13]} 18. Rab1 {[%emt 0:00:20]} Rd7 {[%emt 0:07:12]} 19. Rd3 {[%emt 0:13:41]} Rcd8 {[%emt 0:05:06]} 20. Rbd1 {[%emt 0:01:10]} b6 {[%emt 0:05:44]} 21. g3 {[%emt 0:04:12]} Kh7 {[%emt 0:06:46]} 22. Bf1 {[%emt 0:08:22]} c5 {[%emt 0:04:36]} 23. dxc5 {[%emt 0:03:45]} Bxc5 {[%emt 0:03:20]} 24. Rxd7 {[%emt 0:03:26]} Rxd7 {[%emt 0:00:10]} 25. Rxd7 {[%emt 0:00:07]} Qxd7 {[%emt 0:00:07]} 26. Bxc5 {[%emt 0:00:11]} bxc5 {[%emt 0:00:05]} 27. Qc3 {[%emt 0:00:11]} Qd8 $11 {[%emt 0:01:51]} 28. b4 {[%emt 0:01:48]} axb4 {[%emt 0:01:07]} 29. axb4 {[%emt 0:00:05]} cxb4 {[%emt 0:00:08]} 30. Qxb4 {[%emt 0:00:06]} Ne4 {[%emt 0:06:28]} 31. Qb7 {[%emt 0:01:03]} f5 {[%emt 0:00:17]} 32. Qb2 {[%emt 0:03:09]} Qd6 {[%emt 0:02:05]} 33. Be2 {[%emt 0:02:09]} Qc5 {[%emt 0:01:59]} 34. Bd3 {[%emt 0:01:50]} Nd6 {[%emt 0:00:34]} 35. Qd2 {[%emt 0:00:57]} e5 {[%emt 0:01:21]} 36. Qe3 {[%emt 0:00:36]} Nb7 {[%emt 0:01:15]} 37. h4 {[%emt 0:01:55]} Qxe3 {[%emt 0:01:35]} 38. fxe3 {[%emt 0:00:08]} e4 {[%emt 0:00:36]} 39. Bc2 {[%emt 0:00:28]} Nc5 {[%emt 0:00:01]} 40. Kf2 {[%emt 0:01:04]} g5 {[%emt 0:01:10]} 41. hxg5 {[%emt 0:31:35]} Kg6 {[%emt 0:30:20]} 42. Ke1 {[%emt 0:03:09]} Kxg5 {[%emt 0:00:00]} 43. Bd1 {[%emt 0:00:00]} Kf6 {[%emt 0:00:00]} 44. Kd2 {[%emt 0:00:00]} Ke5 {[%emt 0:00:00]} 45. Be2 {[%emt 0:00:00]} g5 {[%emt 0:00:00]} 46. Kc3 {[%emt 0:00:00]} g4 {[%emt 0:00:00]} 47. Kb4 {[%emt 0:00:00]} Kd6 {[%emt 0:00:00]} 48. Kb5 {[%emt 0:00:00]} Nd3 {[%emt 0:00:00]} 49. Kb6 {[%emt 0:00:00]} Nc5 {[%emt 0:00:00]} 50. Bd1 {[%emt 0:00:00]} Nd3 {[%emt 0:00:00]} 51. Ba4 {[%emt 0:00:00]} Nc5 {[%emt 0:00:00]} 52. Bd1 {[%emt 0:00:00]} Nd3 {[%emt 0:00:00]} 53. Ba4 {[%emt 0:00:00]} Nc5 {[%emt 0:00:00]} 54. Bd1 {Kd5} 1/2-1/2

[Event "LTU-chT 2019"]
[Site "Lithuania"]
[Date "2019.03.31"]
[Round "5.18"]
[White "Aleknavicius, Andrius"]
[Black "Vaskevicius, Augustas"]
[Result "1/2-1/2"]
[WhiteElo "1724"]
[BlackElo "1935"]
[Annotator "NA"]
[PlyCount "81"]
[EventDate "2019.01.26"]
[EventType "team-tourn"]
[EventCountry "LTU"]
[SourceTitle "playchess.com"]
[Source "ChessBase"]
[SourceQuality "1"]
[TimeControl "40/5400+30:1800+30"]

1. d4 {[%emt 0:00:00]} Nf6 {[%emt 0:00:00]} 2. Nc3 {[%emt 0:00:15]} d5 {[%emt 0:00:00]} 3. Bf4 {[%emt 0:00:05]} g6 {[%emt 0:00:00]} 4. e3 {[%emt 0:00:17]} Bg7 {[%emt 0:00:10]} 5. h4 {[%emt 0:00:06]} c5 {[%emt 0:03:58]} 6. Nb5 {[%emt 0:03:13] LiveBook: 35 Games} Na6 $1 {[%emt 0:02:35]} 7. c3 {[%emt 0:01:19]} Qb6 {[%emt 0:08:47]} 8. a4 {[%emt 0:03:29]} c4 {[%emt 0:07:24]} 9. b3 {[%emt 0:00:43]} Be6 {[%emt 0:03:04]} 10. bxc4 {[%emt 0:03:38]} dxc4 {[%emt 0:00:21]} 11. Be5 {[%emt 0:00:49]} (11. Nf3 $16) 11... O-O {[%emt 0:10:13]} 12. Be2 {[%emt 0:02:55]} Bd5 $14 {[%emt 0:04:53]} 13. Bf3 {[%emt 0:13:47]} Bc6 {[%emt 0:13:33]} 14. Rb1 {[%emt 0:03:18]} Qa5 {[%emt 0:00:36]} 15. Qc2 {[%emt 0:03:22]} Nd5 {[%emt 0:05:38]} 16. Bxg7 {[%emt 0:04:13]} Kxg7 {[%emt 0:00:05]} 17. Ne2 {[%emt 0:11:44]} Nac7 {[%emt 0:07:00]} 18. e4 {[%emt 0:09:16]} Nf6 {[%emt 0:02:58]} 19. Nxc7 {[%emt 0:00:44]} Qxc7 {[%emt 0:00:02]} 20. d5 {[%emt 0:01:39]} Bd7 {[%emt 0:01:06]} 21. h5 {[%emt 0:03:06]} g5 {[%emt 0:08:28]} 22. Ng3 {[%emt 0:04:07]} h6 {[%emt 0:00:39]} 23. Qd2 {[%emt 0:05:01]} Qe5 {[%emt 0:01:15]} 24. Qd4 {[%emt 0:06:05]} Qxd4 {[%emt 0:01:45]} 25. cxd4 {[%emt 0:00:05]} e6 {[%emt 0:03:32]} 26. dxe6 {[%emt 0:00:58]} Bxe6 {[%emt 0:01:00]} 27. Rxb7 {[%emt 0:00:35]} Rfb8 {[%emt 0:00:52]} 28. Rxb8 {[%emt 0:00:20]} Rxb8 {[%emt 0:00:02]} 29. O-O {[%emt 0:00:36]} g4 {[%emt 0:02:10]} 30. Be2 {[%emt 0:00:28]} Rb4 {[%emt 0:00:26]} 31. Rc1 {[%emt 0:00:48]} c3 {[%emt 0:03:41]} 32. d5 {[%emt 0:01:50]} Bd7 {[%emt 0:00:03]} 33. Rxc3 {[%emt 0:00:17]} Nxe4 {[%emt 0:01:33]} 34. Nxe4 {[%emt 0:01:54]} Rxe4 {[%emt 0:00:01]} 35. Bb5 {[%emt 0:00:19]} Bxb5 {[%emt 0:05:12]} 36. axb5 {[%emt 0:00:07]} Rd4 {[%emt 0:00:12]} 37. Rc5 {[%emt 0:01:04]} Kf6 {[%emt 0:00:01]} 38. Rc6+ {[%emt 0:00:24]} Kg5 {[%emt 0:03:06]} 39. d6 {[%emt 0:06:03]} Rd5 {[%emt 0:00:57]} 40. Rc7 {[%emt 0:07:14]} Rxd6 {[%emt 0:00:10]} 41. Rxf7 {[%emt 0:30:57]} 1/2-1/2

[Event "LTU-chT 2019"]
[Site "Lithuania"]
[Date "2019.03.31"]
[Round "5.19"]
[White "Babrauskas, Darius"]
[Black "Siugzdinis, Tautvydas"]
[Result "1/2-1/2"]
[WhiteElo "2019"]
[BlackElo "1504"]
[Annotator "NA"]
[PlyCount "120"]
[EventDate "2019.01.26"]
[EventType "team-tourn"]
[EventCountry "LTU"]
[SourceTitle "playchess.com"]
[Source "ChessBase"]
[SourceQuality "1"]
[TimeControl "40/5400+30:1800+30"]

1. e4 {[%emt 0:00:00]} e6 {[%emt 0:00:00]} 2. d4 {[%emt 0:00:00]} d5 {[%emt 0:00:13]} 3. Nc3 {[%emt 0:00:00]} Nf6 {[%emt 0:00:21]} 4. e5 {[%emt 0:03:04]} Nfd7 {[%emt 0:00:12]} 5. f4 {[%emt 0:00:05] LiveBook: 7735 Games} c5 {[%emt 0:00:38]} 6. Nf3 {[%emt 0:00:03]} Nc6 {[%emt 0:01:08]} 7. Be3 {[%emt 0:00:40]} Qb6 {[%emt 0:02:18]} 8. Qd2 {[%emt 0:02:35]} a6 {[%emt 0:08:03] C11: French: Classical System: 4 e5 and 4 Bg5 dxe4} (8... Qxb2 9. Rb1 Qa3 10. f5 a6 11. fxe6 fxe6 12. Be2 Be7 13. O-O O-O 14. Kh1 cxd4 15. Nxd4 Ndxe5 16. Rb3 Rxf1+ 17. Bxf1 {0-1 (32) Nakamura,H (2758)-Morozevich,A (2762) Reggio Emilia 2012}) 9. dxc5 {[%emt 0:03:48]} (9. Rb1 $11) 9... Bxc5 {[%emt 0:00:18]} (9... Qxb2 $17 10. Rb1 Qa3) 10. Bxc5 {[%emt 0:00:04]} Nxc5 {[%emt 0:00:06]} 11. O-O-O {[%emt 0:00:40]} Bd7 {[%emt 0:13:09]} 12. Be2 $146 {[%emt 0:00:58]} ({Predecessor:} 12. Nd4 Qc7 13. Kb1 b5 14. Nxc6 Bxc6 15. Qe3 Qe7 16. Ne2 {1-0 (24) Nishimura,H (2325)-Shovunov,B (2300) Budapest 1996}) 12... O-O-O {[%emt 0:02:58]} 13. Nd4 {[%emt 0:01:49]} Ne4 {[%emt 0:08:48]} 14. Nxe4 {[%emt 0:01:44]} dxe4 {[%emt 0:00:04]} 15. Qe3 {[%emt 0:09:56]} Nxd4 {[%emt 0:03:50]} 16. Rxd4 {[%emt 0:00:36]} Bc6 {[%emt 0:00:05]} 17. Rhd1 {[%emt 0:00:23]} Rxd4 {[%emt 0:01:16]} 18. Rxd4 {[%emt 0:05:00]} Rd8 {[%emt 0:00:07]} 19. Rxd8+ {[%emt 0:00:13]} Qxd8 {[%emt 0:00:05]} 20. Qc5 {[%emt 0:04:24]} Qh4 {[%emt 0:15:50]} 21. Qf8+ {[%emt 0:01:34] Double Attack} Kc7 {[%emt 0:00:04]} 22. Qxf7+ {[%emt 0:07:58]} Kb6 {[%emt 0:00:32]} 23. Kd1 $11 {[%emt 0:17:46]} Qxh2 {[%emt 0:01:49]} 24. Qxe6 {[%emt 0:04:42]} Qg1+ {[%emt 0:02:52]} 25. Kd2 {[%emt 0:00:15]} Qd4+ {[%emt 0:00:16]} 26. Ke1 {[%emt 0:00:18]} e3 {[%emt 0:06:35]} 27. Qb3+ {[%emt 0:18:37]} Ka7 {[%emt 0:00:06]} 28. Qc3 {[%emt 0:01:13]} Qxf4 {[%emt 0:00:45]} 29. Qc5+ {[%emt 0:00:33]} Ka8 {[%emt 0:01:54]} 30. c4 {[%emt 0:03:09]} Qh4+ {[%emt 0:12:24]} 31. Kd1 {[%emt 0:00:25]} Qe4 {[%emt 0:00:06]} 32. Kc1 {[%emt 0:00:51]} Qxg2 {[%emt 0:00:09]} 33. Qxe3 {[%emt 0:00:27]} Qe4 {[%emt 0:02:32]} 34. Kd2 {[%emt 0:01:30]} Qb1 {[%emt 0:02:29]} 35. Qc3 {[%emt 0:01:46]} Qe4 {[%emt 0:02:56]} 36. Qe3 {[%emt 0:01:20]} Qb1 {[%emt 0:00:34]} 37. Qc3 {[%emt 0:01:33]} Qe4 {[%emt 0:00:05]} 38. b4 {[%emt 0:03:48]} b5 {[%emt 0:04:22]} 39. cxb5 {[%emt 0:01:31]} axb5 {[%emt 0:00:09]} 40. Qc5 {[%emt 0:00:48]} Qf4+ {[%emt 0:01:15]} 41. Kd1 {[%emt 0:31:53]} Qe4 {[%emt 0:32:16]} 42. a3 {[%emt 0:00:00]} Qb1+ {[%emt 0:00:00]} 43. Kd2 {[%emt 0:00:00]} Qb2+ {[%emt 0:00:00]} 44. Ke3 {[%emt 0:00:00]} Qxa3+ {[%emt 0:00:00]} 45. Bd3 {[%emt 0:00:00]} Qa7 {[%emt 0:00:00]} 46. Bxh7 {[%emt 0:00:00]} Qxc5+ {[%emt 0:00:00]} 47. bxc5 {[%emt 0:00:00]} Kb7 {[%emt 0:00:00]} 48. Kd4 {[%emt 0:00:00]} g5 {[%emt 0:00:00]} 49. e6 {[%emt 0:00:00]} g4 {[%emt 0:00:00]} 50. Bg6 {[%emt 0:00:00]} g3 {[%emt 0:00:00]} 51. Ke3 {[%emt 0:00:00]} g2 {[%emt 0:00:00]} 52. Kf2 {[%emt 0:00:00]} b4 {[%emt 0:00:00]} 53. e7 {[%emt 0:00:00]} b3 {[%emt 0:00:00]} 54. Be4 {[%emt 0:00:00]} Kc7 {[%emt 0:00:00]} 55. Bxc6 {[%emt 0:00:00]} b2 {[%emt 0:00:00]} 56. Be4 {[%emt 0:00:00]} Kd7 {[%emt 0:00:00]} 57. Kxg2 {[%emt 0:00:00]} Kxe7 {[%emt 0:00:00]} 58. Kf3 {[%emt 0:00:00]} Ke6 {[%emt 0:00:00]} 59. Ke3 {[%emt 0:01:18]} b1=Q {[%emt 0:00:00]} 60. Bxb1 {[%emt 0:00:06]} Kd5 {[%emt 0:00:00]} 1/2-1/2

[Event "LTU-chT 2019"]
[Site "Lithuania"]
[Date "2019.03.31"]
[Round "5.20"]
[White "Motuza, Nedas"]
[Black "Valiunas, Rimantas"]
[Result "0-1"]
[WhiteElo "1294"]
[BlackElo "2064"]
[Annotator "NA"]
[PlyCount "92"]
[EventDate "2019.01.26"]
[EventType "team-tourn"]
[EventCountry "LTU"]
[SourceTitle "playchess.com"]
[Source "ChessBase"]
[SourceQuality "1"]
[TimeControl "40/5400+30:1800+30"]

1. d4 {[%emt 0:00:00]} g6 {[%emt 0:00:57]} 2. Nf3 {[%emt 0:00:10]} Bg7 {[%emt 0:00:12]} 3. c4 {[%emt 0:01:43]} d6 {[%emt 0:02:09]} 4. Bf4 {[%emt 0:00:33]} c5 {[%emt 0:00:50]} 5. e3 {[%emt 0:01:17]} Qb6 {[%emt 0:08:45]} 6. Qd2 {[%emt 0:09:01]} Nc6 {[%emt 0:00:29]} 7. Nc3 {[%emt 0:02:25]} cxd4 {[%emt 0:00:39]} 8. exd4 {[%emt 0:13:33]} Nxd4 {[%emt 0:01:54]} 9. Nxd4 {[%emt 0:03:22]} Qxd4 {[%emt 0:00:15]} 10. Qe2 $19 {[%emt 0:04:34]} (10. Qc1 $17 {was called for.}) 10... Qxf4 {[%emt 0:11:20]} 11. Nd5 {[%emt 0:00:38]} Qe5 {[%emt 0:02:00]} 12. Qxe5 {[%emt 0:02:29]} Bxe5 {[%emt 0:00:09]} 13. Nc7+ {[%emt 0:00:08]} Kd8 {[%emt 0:01:04]} 14. Nxa8 {[%emt 0:00:08]} b6 {[%emt 0:02:40]} 15. Be2 {[%emt 0:03:59]} Bb7 {[%emt 0:02:07]} 16. Bf3 {[%emt 0:00:29]} Bxf3 {[%emt 0:00:58]} 17. gxf3 {[%emt 0:00:06]} Nf6 {[%emt 0:02:44]} 18. O-O-O {[%emt 0:07:29]} Kd7 {[%emt 0:00:13]} 19. Nxb6+ {[%emt 0:02:16]} axb6 {[%emt 0:00:02]} 20. h3 {[%emt 0:00:47]} Rc8 {[%emt 0:01:08]} 21. b3 {[%emt 0:00:35]} b5 {[%emt 0:02:24]} 22. Rhe1 {[%emt 0:02:48]} Bf4+ {[%emt 0:00:29]} 23. Kb1 {[%emt 0:01:08]} bxc4 {[%emt 0:00:20]} 24. Rd4 {[%emt 0:00:58]} e5 {[%emt 0:02:44]} 25. Rxc4 {[%emt 0:01:18]} Rb8 {[%emt 0:02:40]} 26. Re2 {[%emt 0:00:43]} d5 {[%emt 0:00:29]} 27. Rc5 {[%emt 0:01:26]} d4 {[%emt 0:01:06]} 28. Rec2 {[%emt 0:02:30]} Rb7 {[%emt 0:04:06]} 29. Rb2 {[%emt 0:03:12]} Kd6 {[%emt 0:00:49]} 30. Rc8 {[%emt 0:06:19]} Nd5 {[%emt 0:08:53]} 31. Rd8+ {[%emt 0:01:35]} Ke6 {[%emt 0:00:41]} 32. Rc2 {[%emt 0:02:07]} Nb4 {[%emt 0:05:11]} 33. Rc4 {[%emt 0:05:20]} Ke7 {[%emt 0:03:05]} 34. Rdc8 {[%emt 0:02:45]} Nd3 {[%emt 0:02:59]} 35. R4c7+ {[%emt 0:00:54]} Rxc7 {[%emt 0:00:05]} 36. Rxc7+ {[%emt 0:00:10]} Kd8 {[%emt 0:00:20]} 37. Rc2 {[%emt 0:01:07]} Ne1 {[%emt 0:00:26]} 38. Rc5 {[%emt 0:02:58]} d3 {[%emt 0:01:07]} 39. a4 {[%emt 0:00:34]} d2 {[%emt 0:01:01]} 40. Rd5+ {[%emt 0:00:43]} Kc7 {[%emt 0:00:37]} 41. b4 {[%emt 0:30:43]} f5 {[%emt 0:36:08]} 42. b5 {[%emt 0:01:54]} e4 {[%emt 0:00:15]} 43. a5 {[%emt 0:03:11]} Nd3 {[%emt 0:00:08]} 44. b6+ {[%emt 0:01:44]} Kc6 {[%emt 0:00:31]} 45. fxe4 {[%emt 0:01:00]} d1=Q+ {[%emt 0:00:10]} 46. Ka2 {[%emt 0:00:09]} Qc2+ {[%emt 0:00:37]} 0-1

[Event "LTU-chT 2019"]
[Site "Lithuania"]
[Date "2019.04.27"]
[Round "6.1"]
[White "Laurusas, Tomas"]
[Black "Kulaots, Kaido"]
[Result "1/2-1/2"]
[WhiteElo "2495"]
[BlackElo "2577"]
[Annotator "TA RC"]
[PlyCount "92"]
[EventDate "2019.01.26"]
[EventType "team-tourn"]
[EventCountry "LTU"]
[SourceTitle "playchess.com"]
[Source "ChessBase"]
[SourceQuality "1"]

{[%evp 19,92,14,42,1,19,0,4,3,12,10,12,23,28,17,38,0,0,0,0,0,0,-16,-12,-9,-12,-28,0,0,0,0,0,0,0,0,0,5,0,0,0,0,0,0,0,0,0,0,0,0,0,0,0,0,0,0,0,0,0,0,0,0,0,0,0,0,0,0,0,0,0,0,0,0,0,0,0]} 1. d4 Nf6 2. c4 g6 3. Nf3 Bg7 4. g3 d5 5. Bg2 dxc4 6. O-O O-O 7. Na3 {[%cal Bb1a3,Ba3c4,Bc4e5][%mdl 32]} c3 8. bxc3 c5 9. e3 Nc6 10. Bb2 Bf5 11. Nc4 {D77: Fianchetto Grünfeld: 6 0-0: Replies other than 6...c6} (11. Nd2 Rc8 12. e4 Bg4 13. f3 Bd7 14. d5 Ne5 15. c4 Nd3 16. Bc3 Nb4 17. Nc2 Ba4 18. Nb3 b5 {½-½ (52) Hakobyan,A (2545)-Salem,A (2660) St Petersburg 2018}) 11... Rc8 12. Nfe5 Nxe5 13. Nxe5 cxd4 14. cxd4 Be4 15. f3 $146 ({Predecessor:} 15. Ng4 Bxg2 16. Nxf6+ Bxf6 17. Kxg2 Qd5+ 18. Qf3 Qb5 {½-½ (41) Stanojevic,B (2300)-Stojanovic,A (2293) Kragujevac 2012}) 15... Bc2 16. Qd2 Nd7 17. Nxd7 Qxd7 18. Rfc1 Ba4 19. f4 e6 20. Rxc8 Rxc8 21. Rc1 b6 22. Rc3 Bc6 23. Qc2 {[%cal Rg2c6] The position is equal.} Bb7 24. Rxc8+ Qxc8 25. Qxc8+ Bxc8 $11 {[%mdl 4096] Endgame KBB-KBB} 26. Ba3 Ba6 27. Bd6 Bc4 28. a3 Bf8 29. Bxf8 Kxf8 {KB-KB} 30. Kf2 Ke7 31. Ke1 Bd5 32. Bf1 Be4 33. Kd2 Kd6 34. Kc3 f6 35. h4 e5 36. fxe5+ fxe5 37. g4 h6 38. g5 hxg5 39. hxg5 Ke6 40. Bh3+ Kd5 41. Bc8 {[#] Threatens to win with Bb7+.} exd4+ 42. exd4 {Bb7+ is the strong threat.} Kd6 43. Ba6 Ke6 44. Bc8+ Kd6 45. Ba6 Ke6 {aiming for ...Kf5.} 46. Bc8+ Kd6 {Accuracy: White = 83%, Black = 82%.} 1/2-1/2